<?xml version="1.0" encoding="UTF-8"?>
<record
    xmlns:xsi="http://www.w3.org/2001/XMLSchema-instance"
    xsi:schemaLocation="http://www.loc.gov/MARC21/slim http://www.loc.gov/standards/marcxml/schema/MARC21slim.xsd"
    xmlns="http://www.loc.gov/MARC21/slim">

  <leader>00791nam a22002057a 4500</leader>
  <controlfield tag="005">20120103111847.0</controlfield>
  <datafield tag="020" ind1=" " ind2=" ">
    <subfield code="a">9788128624131</subfield>
  </datafield>
  <datafield tag="037" ind1=" " ind2=" ">
    <subfield code="b">PUB</subfield>
  </datafield>
  <datafield tag="100" ind1=" " ind2=" ">
    <subfield code="a">Larry, H.I. </subfield>
    <subfield code="9">38092</subfield>
  </datafield>
  <datafield tag="245" ind1=" " ind2=" ">
    <subfield code="a">Sky high /</subfield>
    <subfield code="c">by H.I. Larry; illustrated by Andy Hook </subfield>
  </datafield>
  <datafield tag="260" ind1=" " ind2=" ">
    <subfield code="a">New Delhi </subfield>
    <subfield code="b">Navneet Publications</subfield>
    <subfield code="c">(201?)</subfield>
  </datafield>
  <datafield tag="270" ind1=" " ind2=" ">
    <subfield code="a">2-E, 23, Orion Plaza, 2nd Floor, Jhandewalan, Extn.</subfield>
    <subfield code="b">New Delhi </subfield>
    <subfield code="e">110055</subfield>
  </datafield>
  <datafield tag="300" ind1=" " ind2=" ">
    <subfield code="a">90p. </subfield>
    <subfield code="b">ill.</subfield>
    <subfield code="c">20cm(pbk) </subfield>
  </datafield>
  <datafield tag="490" ind1=" " ind2=" ">
    <subfield code="a">Zac power; 24 hours to sav the world...and do teh uacuuming</subfield>
    <subfield code="9">38093</subfield>
  </datafield>
  <datafield tag="500" ind1=" " ind2=" ">
    <subfield code="a">A set of 5 books</subfield>
  </datafield>
  <datafield tag="500" ind1=" " ind2=" ">
    <subfield code="a">Children will experience the feeling of ecstasy and relish the treasure of wit nd wisdom</subfield>
  </datafield>
  <datafield tag="700" ind1=" " ind2=" ">
    <subfield code="a">Hook,  Andy</subfield>
    <subfield code="9">38094</subfield>
  </datafield>
  <datafield tag="942" ind1=" " ind2=" ">
    <subfield code="2">ddc</subfield>
    <subfield code="c">CH</subfield>
    <subfield code="m">LAR</subfield>
  </datafield>
  <datafield tag="999" ind1=" " ind2=" ">
    <subfield code="c">60168</subfield>
    <subfield code="d">60168</subfield>
  </datafield>
  <datafield tag="952" ind1=" " ind2=" ">
    <subfield code="0">0</subfield>
    <subfield code="1">0</subfield>
    <subfield code="4">0</subfield>
    <subfield code="7">-1</subfield>
    <subfield code="a">AG</subfield>
    <subfield code="b">AG</subfield>
    <subfield code="d">2012-01-03</subfield>
    <subfield code="l">0</subfield>
    <subfield code="o">LAR</subfield>
    <subfield code="r">2012-01-03 00:00:00</subfield>
    <subfield code="y">CH</subfield>
  </datafield>
</record>
